[Event "Corund Ceramica op 3rd"]
[Site "Corund"]
[Date "2017.09.30"]
[Round "7"]
[White "Chircu, Vadim"]
[Black "Vilcu, Matei Stefan"]
[Result "1-0"]
[WhiteElo "2230"]
[BlackElo "1977"]
[PlyCount "71"]
[EventDate "2017.09.26"]
[EventType "swiss"]
[EventRounds "9"]
[EventCountry "ROU"]
[SourceTitle "EXT 2018"]
[Source "ChessBase"]
[SourceDate "2017.10.13"]
[SourceVersion "1"]
[SourceVersionDate "2017.10.13"]
[SourceQuality "1"]

1. e4 c5 2. Nf3 d6 3. d4 cxd4 4. Nxd4 Nf6 5. Nc3 a6 6. Bg5 Nbd7 7. Qe2 Qc7 8. 0-0-0 e6 9. f4 Be7 10. g4 h6 11. Bh4 g5 12. fxg5 hxg5 13. Bxg5 Ne5 14. h4 b5 15. a3 Bb7 16. Bh3 0-0-0 17. Bxf6 Bxf6 18. g5 Be7 19. Bxe6+ fxe6 20. Nxe6 Qd7 21. Nxd8 Qxd8 22. Kb1 Kb8 23. Rdg1 Qg8 24. Qe3 Qg6 25. Rh3 Rh5 26. Nd5 Bxd5 27. exd5 Kb7 28. a4 Bd8 29. axb5 axb5 30. Qe2 Kb6 31. Rb3 Qe8 32. g6 Rh8 33. g7 Rg8 34. h5 Bf6 35. h6 Qd7 36. Qf2+ 1-0

[Event "Eforie Nord Seacoast op 26th"]
[Site "Eforie Nord"]
[Date "2016.07.02"]
[Round "6"]
[White "Chircu, Vadim"]
[Black "Bonte, Andrei Mihai"]
[Result "0-1"]
[WhiteElo "2188"]
[BlackElo "2337"]
[PlyCount "125"]
[EventDate "2016.06.27"]
[EventType "swiss"]
[EventRounds "10"]
[EventCountry "ROU"]
[SourceTitle "EXT 2017"]
[Source "ChessBase"]
[SourceDate "2016.10.25"]
[SourceVersion "1"]
[SourceVersionDate "2016.10.25"]
[SourceQuality "1"]

1. e4 e6 2. d4 d5 3. Nc3 dxe4 4. Nxe4 Nd7 5. Nf3 Ngf6 6. Nxf6+ Nxf6 7. c3 Bd6 8. Bd3 c5 9. 0-0 cxd4 10. cxd4 0-0 11. Bg5 h6 12. Bh4 Qa5 13. Re1 Rd8 14. Bxf6 gxf6 15. Qc1 Kg7 16. Re4 f5 17. Rh4 Rh8 18. Qe3 Bd7 19. Ne5 Bxe5 20. dxe5 Bc6 21. Bf1 Rad8 22. b4 Qd5 23. a4 Qd2 24. Qxd2 Rxd2 25. b5 Bd5 26. Rc1 Rd8 27. f3 Rd7 28. Rb4 f6 29. exf6+ Kxf6 30. b6 axb6 31. Rxb6 Ra2 32. Rb4 Bc6 33. Rcb1 Rxa4 34. R4b2 Ra5 35. f4 Rd4 36. g3 Be4 37. Rc1 Rda4 38. Bg2 Bxg2 39. Kxg2 Ra2 40. Rcc2 Rxb2 41. Rxb2 b5 42. Kf3 Ke7 43. Ke3 Kd6 44. Kd4 Ra4+ 45. Kd3 Kc5 46. Rc2+ Rc4 47. Ra2 Rd4+ 48. Ke3 Rd6 49. Rc2+ Kb4 50. Rc8 Ka3 51. Ra8+ Kb3 52. Rh8 b4 53. Rxh6 Kc3 54. Rh8 Rc6 55. Rb8 b3 56. h3 Rc4 57. g4 Re4+ 58. Kf3 Rb4 59. Rc8+ Kd2 60. Rd8+ Ke1 61. gxf5 b2 62. Rg8 Rb3+ 63. Ke4 0-1

[Event "Eforie Nord Seacoast op 26th"]
[Site "Eforie Nord"]
[Date "2016.06.30"]
[Round "4"]
[White "Chircu, Vadim"]
[Black "Costachi, Mihnea"]
[Result "1/2-1/2"]
[WhiteElo "2188"]
[BlackElo "2397"]
[PlyCount "96"]
[EventDate "2016.06.27"]
[EventType "swiss"]
[EventRounds "10"]
[EventCountry "ROU"]
[SourceTitle "EXT 2017"]
[Source "ChessBase"]
[SourceDate "2016.10.25"]
[SourceVersion "1"]
[SourceVersionDate "2016.10.25"]
[SourceQuality "1"]

1. e4 e5 2. Nf3 Nc6 3. Bc4 Bc5 4. 0-0 Nf6 5. d3 0-0 6. c3 d5 7. exd5 Nxd5 8. Re1 Bg4 9. h3 Bh5 10. Nbd2 Nb6 11. b4 Be7 12. Bb5 Qd5 13. Bxc6 Qxc6 14. Qb3 Qd6 15. Nxe5 Bf6 16. d4 Bxe5 17. Rxe5 Bg6 18. b5 Rfe8 19. Ba3 Qf6 20. Rae1 Rxe5 21. Rxe5 Qf4 22. Qd1 f6 23. Re1 Kh8 24. Bc1 Qf5 25. a4 a6 26. Qb3 axb5 27. axb5 Qd7 28. Bb2 Re8 29. Rxe8+ Qxe8 30. c4 Qe2 31. Bc3 Bf7 32. d5 h5 33. Qb4 Kh7 34. Qc5 Na4 35. Qd4 Qe1+ 36. Kh2 Nxc3 37. Qxc3 Qxf2 38. Nf3 Kg8 39. Qd3 Qc5 40. Qe4 Qd6+ 41. Kh1 Qb4 42. h4 Qc5 43. Qf4 Bg6 44. Nd2 Bd3 45. Qf3 Bg6 46. Qe2 Qd4 47. Nf3 Qc5 48. Qe6+ Kh7 1/2-1/2

[Event "Eforie Nord Seacoast op 26th"]
[Site "Eforie Nord"]
[Date "2016.06.29"]
[Round "3"]
[White "Itkis, Boris"]
[Black "Chircu, Vadim"]
[Result "1-0"]
[WhiteElo "2379"]
[BlackElo "2188"]
[PlyCount "29"]
[EventDate "2016.06.27"]
[EventType "swiss"]
[EventRounds "10"]
[EventCountry "ROU"]
[SourceTitle "EXT 2017"]
[Source "ChessBase"]
[SourceDate "2016.10.25"]
[SourceVersion "1"]
[SourceVersionDate "2016.10.25"]
[SourceQuality "1"]

1. d4 d5 2. c4 c6 3. Nf3 Nf6 4. Nc3 a6 5. cxd5 cxd5 6. Bf4 Nc6 7. Rc1 Nh5 8. Bd2 e6 9. e4 dxe4 10. Nxe4 Be7 11. Bd3 Nf6 12. 0-0 0-0 13. Qe2 Qb6 14. Bg5 Nd5 15. Rfd1 1-0

[Event "Iasi op 3rd"]
[Site "Iasi"]
[Date "2016.06.17"]
[Round "6"]
[White "Baratosi, Daniel"]
[Black "Chircu, Vadim"]
[Result "1-0"]
[WhiteElo "2381"]
[BlackElo "2188"]
[PlyCount "63"]
[EventDate "2016.06.13"]
[EventType "swiss"]
[EventRounds "9"]
[EventCountry "ROU"]
[SourceTitle "CBM 173 Extra"]
[Source "ChessBase"]
[SourceDate "2016.08.29"]
[SourceVersion "1"]
[SourceVersionDate "2016.08.29"]
[SourceQuality "1"]

1. e4 c5 2. Nf3 e6 3. d4 cxd4 4. Nxd4 Nc6 5. Nc3 Qc7 6. g3 a6 7. Bg2 d6 8. 0-0 Bd7 9. Be3 Nf6 10. Nxc6 Bxc6 11. a4 Be7 12. a5 Nd7 13. f4 0-0 14. Qd3 Rad8 15. Qc4 Rc8 16. Rfd1 Qb8 17. Qe2 Rfe8 18. Qf2 Bf8 19. h3 Qc7 20. Rd2 g6 21. Kh2 f5 22. exf5 gxf5 23. Bd4 Re7 24. Rg1 Bg7 25. g4 e5 26. Nd5 Bxd5 27. Bxd5+ Kh8 28. Bc3 Rf8 29. Qh4 Nc5 30. gxf5 Na4 31. f6 Bxf6 32. Qxf6+ 1-0

[Event "Cap Aurora op"]
[Site "Cap Aurora"]
[Date "2014.06.26"]
[Round "6"]
[White "Chircu, Vadim"]
[Black "Baratosi, Daniel"]
[Result "1/2-1/2"]
[WhiteElo "2200"]
[BlackElo "2407"]
[PlyCount "93"]
[EventDate "2014.06.21"]
[EventType "swiss"]
[EventRounds "9"]
[EventCountry "ROU"]
[SourceTitle "CBM 161 Extra"]
[Source "ChessBase"]
[SourceDate "2014.08.29"]
[SourceVersion "1"]
[SourceVersionDate "2014.08.29"]
[SourceQuality "1"]

1. e4 e5 2. Nf3 Nc6 3. Bc4 g6 4. 0-0 Bg7 5. c3 d6 6. Re1 Nf6 7. h3 0-0 8. Bb3 Qe7 9. d4 Bd7 10. Nbd2 Rae8 11. Nc4 h6 12. Bc2 Qd8 13. dxe5 dxe5 14. b3 Kh7 15. Ba3 Rg8 16. Qd2 Be6 17. Qxd8 Rxd8 18. Ne3 Rd7 19. Rad1 Rgd8 20. Rxd7 Rxd7 21. Rd1 Rxd1+ 22. Nxd1 Kg8 23. Bd3 a6 24. Ne3 Bf8 25. Bxf8 Kxf8 26. h4 Ke7 27. Kf1 Ng4 28. Nxg4 Bxg4 29. Nd2 Be6 30. Bc4 b5 31. Bd3 Kd6 32. a3 Nb8 33. b4 c5 34. bxc5+ Kxc5 35. Ke2 Nd7 36. Kd1 Nb6 37. g3 g5 38. hxg5 hxg5 39. Kc2 f6 40. Nf1 Nc4 41. Bxc4 Bxc4 42. Ne3 Be6 43. Kd3 a5 44. Kc2 Kc6 45. Kd3 Kd6 46. Kc2 Kc5 47. Kd3 1/2-1/2

[Event "Iasi op"]
[Site "Iasi"]
[Date "2014.05.12"]
[Round "3"]
[White "Stoleriu, George"]
[Black "Chircu, Vadim"]
[Result "1-0"]
[WhiteElo "1914"]
[BlackElo "2201"]
[PlyCount "115"]
[EventDate "2014.05.10"]
[EventType "swiss"]
[EventRounds "9"]
[EventCountry "ROU"]
[SourceTitle "CBM 160 Extra"]
[Source "ChessBase"]
[SourceDate "2014.07.01"]
[SourceVersion "1"]
[SourceVersionDate "2014.07.01"]
[SourceQuality "1"]

1. f4 d5 2. e3 Nf6 3. b3 Bf5 4. Bb2 e6 5. Nf3 h6 6. Be2 Be7 7. 0-0 0-0 8. d3 c5 9. Ne5 Nfd7 10. Nxd7 Nxd7 11. Nd2 Qc7 12. Nf3 Bd6 13. c4 Bh7 14. Qe1 Rfe8 15. Qc3 f6 16. d4 Rac8 17. Rac1 Qb6 18. Qd2 Kh8 19. Kh1 Be4 20. Bd3 e5 21. fxe5 fxe5 22. dxe5 Nxe5 23. Bxe4 dxe4 24. Nxe5 Bxe5 25. Bxe5 Rxe5 26. Rcd1 Ree8 27. Qd5 Qa5 28. Qxb7 Rc7 29. Qb5 Qxb5 30. cxb5 c4 31. bxc4 Rxc4 32. h3 Ra4 33. Rd2 Ra3 34. Re1 Re5 35. Rb2 Kh7 36. Ree2 Re6 37. Rb4 Kg6 38. Kh2 h5 39. g3 Kf5 40. h4 Ke5 41. Rc4 Rd6 42. Kg2 g6 43. Rc5+ Ke6 44. Rg5 Kf6 45. Rf2+ Kg7 46. Re5 Rxe3 47. Re7+ Kg8 48. Rc2 Rd8 49. Rxa7 Red3 50. Re7 e3 51. Re2 Ra8 52. b6 Rd2 53. R7xe3 Raxa2 54. Kf3 Rxe2 55. Rxe2 Ra3+ 56. Re3 Ra8 57. b7 Rb8 58. Re7 1-0

[Event "Chebanenco Memorial"]
[Site "Kishinev"]
[Date "2014.02.25"]
[Round "3"]
[White "Grinev, Valeriy"]
[Black "Chircu, Vadim"]
[Result "1-0"]
[WhiteElo "2369"]
[BlackElo "2207"]
[PlyCount "97"]
[EventDate "2014.02.24"]
[EventType "tourn"]
[EventRounds "9"]
[EventCountry "MDA"]
[SourceTitle "CBM 159 Extra"]
[Source "ChessBase"]
[SourceDate "2014.04.24"]
[SourceVersion "1"]
[SourceVersionDate "2014.04.24"]
[SourceQuality "1"]

1. d4 d5 2. c4 c6 3. Nf3 Nf6 4. Nc3 a6 5. e3 Bf5 6. Qb3 b5 7. c5 Nbd7 8. a4 e5 9. Qa3 b4 10. Qxb4 Rb8 11. Qa3 a5 12. Be2 Qc7 13. Na2 Ne4 14. 0-0 Qb7 15. Nh4 Be6 16. f3 g5 17. fxe4 gxh4 18. exd5 Bxd5 19. Nc3 Be6 20. Bf3 Bg7 21. Rd1 0-0 22. d5 cxd5 23. Nxd5 Bxd5 24. Bxd5 Qa7 25. c6 Nf6 26. Bc4 e4 27. Bb5 Rbd8 28. Bd2 Qc7 29. h3 Nd5 30. Be1 Bf6 31. Qc5 Be7 32. Qd4 Nf6 33. Qc3 Nd5 34. Qxa5 Qe5 35. Bc4 Bd6 36. Rxd5 Qh2+ 37. Kf1 Qh1+ 38. Ke2 Qxg2+ 39. Kd1 Bc7 40. Qd2 Rxd5 41. Bxd5 Qxh3 42. Qf2 Bg3 43. Qf6 Bxe1 44. Qg5+ Kh8 45. Kxe1 Qh1+ 46. Kd2 Qxa1 47. Qf6+ Kg8 48. c7 Qg1 49. Bxf7+ 1-0

[Event "Cap Aurora op"]
[Site "Cap Aurora"]
[Date "2013.06.27"]
[Round "7"]
[White "Chircu, Vadim"]
[Black "Daianu, Cristian Clement"]
[Result "1-0"]
[WhiteElo "2175"]
[BlackElo "2245"]
[PlyCount "81"]
[EventDate "2013.06.22"]
[EventType "swiss"]
[EventRounds "9"]
[EventCountry "ROU"]
[SourceTitle "CBM 155 Extra"]
[Source "ChessBase"]
[SourceDate "2013.08.26"]
[SourceVersion "1"]
[SourceVersionDate "2013.08.26"]
[SourceQuality "1"]

1. e4 c5 2. Nf3 d6 3. d4 cxd4 4. Nxd4 Nf6 5. Nc3 a6 6. Be2 e5 7. Nb3 Be7 8. Be3 0-0 9. 0-0 Be6 10. Nd5 Nbd7 11. f3 Bxd5 12. exd5 Nh5 13. Qd2 Rc8 14. c4 h6 15. Na5 Nf4 16. b4 Rc7 17. Rfd1 Bg5 18. Bf1 Qf6 19. Rac1 Re8 20. c5 e4 21. Rc4 dxc5 22. d6 Rcc8 23. bxc5 Ne6 24. Nxb7 Nexc5 25. Nxc5 Rxc5 26. f4 Rxc4 27. Bxc4 Bh4 28. Bxa6 g5 29. Bb5 gxf4 30. Bxf4 Qf5 31. Bxd7 Qxd7 32. Bxh6 Re6 33. Bf4 Bd8 34. h3 Bb6+ 35. Kh2 e3 36. Qe2 Re4 37. Bg3 f5 38. Rb1 Qc6 39. Qh5 f4 40. Bxf4 e2 41. Rxb6 1-0

[Event "Cap Aurora op"]
[Site "Cap Aurora"]
[Date "2013.06.25"]
[Round "5"]
[White "Chircu, Vadim"]
[Black "Cosma, Elena Luminita"]
[Result "1/2-1/2"]
[WhiteElo "2175"]
[BlackElo "2329"]
[PlyCount "53"]
[EventDate "2013.06.22"]
[EventType "swiss"]
[EventRounds "9"]
[EventCountry "ROU"]
[SourceTitle "CBM 155 Extra"]
[Source "ChessBase"]
[SourceDate "2013.08.26"]
[SourceVersion "1"]
[SourceVersionDate "2013.08.26"]
[SourceQuality "1"]

1. e4 e6 2. d4 d5 3. Nc3 Bb4 4. e5 c5 5. a3 Bxc3+ 6. bxc3 Qc7 7. Qg4 f5 8. Qg3 cxd4 9. cxd4 Ne7 10. Ne2 0-0 11. c3 b6 12. h4 Ba6 13. Nf4 Qd7 14. a4 Bxf1 15. Kxf1 Nbc6 16. Ba3 Rf7 17. Rh3 Na5 18. Bc1 Nb3 19. Rb1 Nxc1 20. Rxc1 Rc8 21. Kg1 Rc4 22. Ra1 Rf8 23. Qg5 h6 24. Qh5 Kh7 25. Rg3 Rc6 26. Rb1 Qe8 27. Qxe8 1/2-1/2

[Event "Arad op"]
[Site "Arad"]
[Date "2012.07.31"]
[Round "7"]
[White "Cabrilo, Goran"]
[Black "Chircu, Vadim"]
[Result "1-0"]
[WhiteElo "2478"]
[BlackElo "2202"]
[PlyCount "45"]
[EventDate "2012.07.27"]
[EventType "swiss"]
[EventRounds "9"]
[EventCountry "ROU"]
[SourceTitle "CBM 149 Extra"]
[Source "ChessBase"]
[SourceDate "2012.08.24"]
[SourceVersion "1"]
[SourceVersionDate "2012.08.24"]
[SourceQuality "1"]

1. c4 e5 2. Nc3 Nf6 3. Nf3 Nc6 4. d4 exd4 5. Nxd4 Bb4 6. Bg5 h6 7. Bh4 0-0 8. e3 g5 9. Bg3 Ne4 10. Rc1 Re8 11. Nxc6 bxc6 12. Bd3 d6 13. 0-0 Bxc3 14. Bxe4 Rxe4 15. Rxc3 Ba6 16. Qa4 Bb7 17. f3 Re6 18. Rb3 Qc8 19. c5 a5 20. Rc1 d5 21. Ra3 Qe8 22. Qd4 Qe7 23. Be1 1-0

[Event "Chebanenco Memorial"]
[Site "Kishinev"]
[Date "2012.04.09"]
[Round "9"]
[White "Chircu, Vadim"]
[Black "Iovcov, Valerii"]
[Result "1-0"]
[WhiteElo "2190"]
[BlackElo "2147"]
[PlyCount "85"]
[EventDate "2012.04.03"]
[EventType "tourn"]
[EventRounds "9"]
[EventCountry "MDA"]
[EventCategory "2"]
[SourceTitle "CBM 148 Extra"]
[Source "ChessBase"]
[SourceDate "2012.06.22"]
[SourceVersion "1"]
[SourceVersionDate "2012.06.22"]
[SourceQuality "1"]

1. e4 c5 2. Nf3 d6 3. d4 cxd4 4. Nxd4 Nf6 5. Nc3 Nc6 6. Bc4 Qb6 7. Nb3 a6 8. 0-0 e6 9. Be3 Qc7 10. f4 b5 11. Bd3 Be7 12. Qf3 Bb7 13. a3 Na5 14. Nxa5 Qxa5 15. f5 b4 16. axb4 Qxb4 17. fxe6 fxe6 18. Ra4 Qxb2 19. Bd4 e5 20. Rb1 Qxb1+ 21. Nxb1 exd4 22. Nd2 0-0 23. Qf5 Bc8 24. Qa5 Kh8 25. Nf3 Ng4 26. Qc7 Bf6 27. Qxd6 Bb7 28. Rb4 Rad8 29. Qc7 Ba8 30. h3 Ne3 31. Ra4 Rb8 32. Rxa6 Rb1+ 33. Kh2 Bxe4 34. Rxf6 gxf6 35. Qe7 Kg8 36. Qxe4 Nf1+ 37. Bxf1 Rxf1 38. Qxd4 Rb1 39. Nh4 Rb7 40. Nf5 Kh8 41. h4 Rb5 42. g4 Re5 43. Qd7 1-0

[Event "Chebanenco Memorial"]
[Site "Kishinev"]
[Date "2012.04.08"]
[Round "8"]
[White "Vavric, Pavel"]
[Black "Chircu, Vadim"]
[Result "1/2-1/2"]
[WhiteElo "2208"]
[BlackElo "2190"]
[PlyCount "26"]
[EventDate "2012.04.03"]
[EventType "tourn"]
[EventRounds "9"]
[EventCountry "MDA"]
[EventCategory "2"]
[SourceTitle "CBM 148 Extra"]
[Source "ChessBase"]
[SourceDate "2012.06.22"]
[SourceVersion "1"]
[SourceVersionDate "2012.06.22"]
[SourceQuality "1"]

1. e4 e5 2. Nf3 Nf6 3. Nxe5 d6 4. Nf3 Nxe4 5. Qe2 Qe7 6. d3 Nf6 7. Bg5 Qxe2+ 8. Bxe2 Be7 9. Nc3 c6 10. 0-0-0 Be6 11. h3 Na6 12. d4 Nc7 13. Rhe1 0-0-0 1/2-1/2

[Event "Chebanenco Memorial"]
[Site "Kishinev"]
[Date "2012.04.05"]
[Round "4"]
[White "Chircu, Vadim"]
[Black "Kalinina, Marianna"]
[Result "1-0"]
[WhiteElo "2190"]
[BlackElo "2042"]
[PlyCount "139"]
[EventDate "2012.04.03"]
[EventType "tourn"]
[EventRounds "9"]
[EventCountry "MDA"]
[EventCategory "2"]
[SourceTitle "CBM 148 Extra"]
[Source "ChessBase"]
[SourceDate "2012.06.22"]
[SourceVersion "1"]
[SourceVersionDate "2012.06.22"]
[SourceQuality "1"]

1. e4 c5 2. c3 Nf6 3. e5 Nd5 4. d4 cxd4 5. Nf3 Nc6 6. cxd4 d6 7. Bc4 Nb6 8. Bb5 dxe5 9. Nxe5 Bd7 10. Nxd7 Qxd7 11. 0-0 e6 12. Nc3 Rd8 13. Be3 Be7 14. Qg4 0-0 15. Rfd1 f5 16. Qg3 Nd5 17. Bh6 Bd6 18. f4 Kh8 19. Bg5 Rde8 20. Qf3 h6 21. Bh4 a6 22. Ba4 b5 23. Bb3 Nxf4 24. d5 exd5 25. Bxd5 Nb4 26. Bb3 Ng6 27. Bf2 Ne5 28. Qg3 Ned3 29. Qh4 Qc7 30. Bd4 Be5 31. a3 Nc5 32. Bxe5 Rxe5 33. Qxb4 Rfe8 34. Bc2 Qb6 35. Qd4 Qg6 36. Rf1 a5 37. Rad1 Ne4 38. Bxe4 fxe4 39. Qe3 Qe6 40. Rf4 b4 41. axb4 axb4 42. Ne2 Qa2 43. b3 Qc2 44. Rd2 Qc6 45. h3 Ra8 46. Kh2 Ra3 47. Rd4 Qc7 48. Kg1 Qc5 49. Rfxe4 Rf5 50. Rd8+ Kh7 51. Qxc5 Rxc5 52. Rxb4 Ra2 53. Re8 Ra1+ 54. Kf2 Rf5+ 55. Rf4 Rb5 56. b4 Rb1 57. Ree4 Rb2 58. Kg1 g5 59. Rf6 Kg7 60. Rc6 Rb7 61. Rcc4 Rf7 62. Re6 Rb1+ 63. Kh2 Rb2 64. Kg3 Rb3+ 65. Kg4 Rf2 66. Kh5 Rxg2 67. Rc7+ Kf8 68. Nd4 Rxb4 69. Rf6+ Kg8 70. Ne6 1-0